01907nam a2200289 a 4500001001000000005001700010008004100027041000800068044000700076084002000083100004500103245009500148260003300243300002800276500044600304500007400750500039900824500005401223500000901277650005201286650005601338650003401394650004501428700004401473700005001517740005001567BRCA_243320190320203815.0141108s1782----sp-a---###---#000-0#spa-u aspa asp a071b.I23c17821 aCervantes Saavedra, Miguel ded1547-161610aEl Ingenioso Hidalgo Don Quixote de la Manchaccompuesto por Miguel de Cervantes Saavedra. aMadridbJoachin Ibarrac1782 a4 v.bil.c1782e1 mapa aContenido : Primera parte. Licencia de S.M. Prólogo de la Academia. Retrato de Cervantes. Vida de Cervantes. Plan cronológico y pruebas de la vida por V. de los Ríos. Dedicatoria del autor. Prólogo del autor. Versos preliminares. Mapa de una parte de España. Texto. -- v 2. Variantes. Texto. -- v 3. Segunda parte. Los principios de la edición príncipe. Dedicatoria de autor. Prólogo del autor. Texto. -- Segunda parte. Texto aEdición : Nueva edición corregida por la Real Academia Española aSegunda edición de la Real Academia Española. Reproducción en tamaño pequeño de la primera, excepto en lo que atañe a los asuntos de las láminas, que se variaron casí todas. El retrato de Cervantes está dibujado por Antonio Carnicero y grabado en cobre por F. Selma. Ejemplar muy maltratado. Encuadernado en piel; lomeras y tapas adornadas con filetes dorados Lúdovik Osterc aEstado físico : Recuperación física en 2008 aQM5614aNovela españolayÉpoca clásica, 1500-170014aLiteratura españolayÉpoca clásica, 1500-170014aNovela españolaySiglo XVII14aDon Quijote (Personaje ficticio)eNovela1 aLópez, Tomásd1730-1802eIlustrador1 aRíos, Vicente de losd1732-1779eBiógrafo0 aEl Ingenioso Hidalgo Don Quixote de la Mancha